Taunton's complete illustrated guide to using woodworking tools / (Record no. 6468)
[ view plain ]
| 000 -LEADER | |
|---|---|
| fixed length control field | 01452cam a2200241 4500 |
| 001 - CONTROL NUMBER | |
| control field | 7558 |
| 005 - DATE AND TIME OF LATEST TRANSACTION | |
| control field | 20181127183853.0 |
| 008 - FIXED-LENGTH DATA ELEMENTS--GENERAL INFORMATION | |
| fixed length control field | 040315s2004 ctua b 001 0 eng |
| 010 ## - LIBRARY OF CONGRESS CONTROL NUMBER | |
| LC control number | 2004006003 |
| 020 ## - INTERNATIONAL STANDARD BOOK NUMBER | |
| International Standard Book Number | 1561585971 |
| 082 00 - DEWEY DECIMAL CLASSIFICATION NUMBER | |
| Classification number | 684/.08 |
| Edition number | 22 |
| 100 1# - MAIN ENTRY--PERSONAL NAME | |
| Personal name | Bird, Lonnie. |
| 245 10 - TITLE STATEMENT | |
| Title | Taunton's complete illustrated guide to using woodworking tools / |
| Statement of responsibility, etc. | Lonnie Bird. |
| 246 30 - VARYING FORM OF TITLE | |
| Title proper/short title | Complete illustrated guide to using woodworking tools |
| 260 ## - PUBLICATION, DISTRIBUTION, ETC. | |
| Place of publication, distribution, etc. | Newtown, CT : |
| Name of publisher, distributor, etc. | Taunton Press, |
| Date of publication, distribution, etc. | c2004. |
| 300 ## - PHYSICAL DESCRIPTION | |
| Extent | 280 p. : |
| Other physical details | ill. ; |
| Dimensions | 29 cm. |
| 504 ## - BIBLIOGRAPHY, ETC. NOTE | |
| Bibliography, etc. note | Includes bibliographical references (p. 274) and index. |
| 505 ## - FORMATTED CONTENTS NOTE | |
| Formatted contents note | Wood and the Shop -- Working with wood -- Outfitting the shop -- Benches, Clamps, and Assembly -- Benches and clamps -- Gluing and assembly -- Hand Tools -- Measuring and marking tools -- Handsaws and chisels -- Planes and planing -- Files and rasps -- Sharpening hand tools -- Power Tools -- The table saw -- The jointer and planer -- The bandsaw -- The shaper -- The router table -- Drilling and mortising tools. |
| Miscellaneous information | |
| Statement of responsibility | |
| Title | |
| 520 ## - SUMMARY, ETC. | |
| Summary, etc. | In this step-by-step pictorial reference, Bird, a long-time contributing editor to American Woodworker, explains how to use all the tools found in a modern woodworking shop, and offers advice on choosing the right tools for the job, setting up a shop, and basic and special operations. |
| 650 #0 - SUBJECT ADDED ENTRY--TOPICAL TERM | |
| Topical term or geographic name entry element | Woodworking tools. |
| 710 2# - ADDED ENTRY--CORPORATE NAME | |
| Corporate name or jurisdiction name as entry element | Taunton Press. |
| Withdrawn status | Lost status | Source of classification or shelving scheme | Damaged status | Not for loan | Collection code | Home library | Current library | Shelving location | Serial Enumeration / chronology | Inventory number | Total Checkouts | Full call number | Barcode | Date last seen | Price effective from | Koha item type |
|---|---|---|---|---|---|---|---|---|---|---|---|---|---|---|---|---|
| Dewey Decimal Classification | Main TEST | RTC Library | RTC Library | Main opac | 11514 | 684 BIR | 30012447 | 27/11/2018 | 27/11/2018 | Main |